• 首页
  • 本馆介绍
  • 公告通知
  • 最新文献
  • 馆藏检索
  • 电子资源
  • 读者荐购
  • 参考咨询
  • CALIS
  • 我的图书馆
  • 登录
  • 详细信息显示
  • 放入我的书架
  • 预约/预借图书
  • 作者相关作品
  • 分类相关作品
  • 丛书相关作品
  • 出版社相关作品

书目信息

  • 表格格式
  • 工作单格式
  • 卡片格式
题名:
3DsMAX流线型神话
    
 
作者: 赫晔 编著
分册:  
出版信息: 北京   电子工业出版社  2003.11
页数: 437页
开本: 28cm
丛书名: 飞思数码设计院
单 册:
中图分类: TU201.4
科图分类:
主题词: 三维--建筑设计--计算机辅助设计
电子资源:
ISBN: 7-5053-9213-1
 
 
 
 
 
000 00999nam0 2200277 450
001 012003909874
005 20050107150208.23
009 012003909874
010    @a7-5053-9213-1@dCNY 45.00
035    @a(110017)062002004966
100    @a20031216d2003 em y0chiy0110 ea
101 0  @achi
102    @aCN@b110000
105    @aa z 000yy
200 1  @a3DsMAX流线型神话@93DsMAX liu xian xing shen hua@e三维建筑深层接触@f赫晔编著
210    @a北京@c电子工业出版社@d2003.11
215    @a437页@c图@d28cm@e光盘1片
225 2  @a飞思数码设计院
307    @a附光盘:ISBN 7-89496-286-4
330    @a全书分两篇共11章。效果图篇运用商业效果实例讲解了3DS MAX在建模、灯光、后期制作等方面的实战技巧。动画篇则讲解了动画的流程、动画制作的特点,剖析了动画的技术难点。书中的实例具有非常实用的参考价值。
461  0 @12001 @a飞思数码设计院
606 0  @a三维@x建筑设计@x计算机辅助设计
690    @aTU201.4@v4
701  0 @a赫晔@9he ye@4编著
801  0 @aCN@b021001@c20050107
905    @a10447@dTU201.4@eH3331
    
    3DsMAX流线型神话:三维建筑深层接触/赫晔编著.-北京:电子工业出版社,2003.11
    437页:图;28cm+光盘1片.-(飞思数码设计院)
    
    
    ISBN 7-5053-9213-1:CNY 45.00
    全书分两篇共11章。效果图篇运用商业效果实例讲解了3DS MAX在建模、灯光、后期制作等方面的实战技巧。动画篇则讲解了动画的流程、动画制作的特点,剖析了动画的技术难点。书中的实例具有非常实用的参考价值。
●
相关链接 在E读中查询图书 在当当中查询图书 在豆瓣中查询图书


正题名:3DsMAX流线型神话     索取号:TU201.4/H3331         预约/预借

序号 登录号 条形码 馆藏地/架位号 状态 备注
1 435360   204353608   自科二线404/404自科库 16排1列1层/ [索取号:TU201.4/H3331] 在馆    
2 435361   204353617   建筑库101/101建筑库 34排1列1层/ [索取号:TU201.4/H3331] 在馆    
3 435362   204353626   建筑库101/101建筑库 34排1列1层/ [索取号:TU201.4/H3331] 在馆    
河南城建学院图书馆 欢迎您!
大连网信软件有限公司© 版权所有